000 00707nam a2200181Ia 4500
008 100921s9999 xx 000 0 und d
082 _b25826
_a891.461 थ 93
100 _aकुलकर्णी अरविंद वामन.
245 _aरूप अव्यक्ता फुटले.
260 _bप्रतिमा प्रकाशन,पुणे.
_c1993
300 _a101
_bरसिक साहित्य,पुणे
365 _b40
520 _aललित-काव्य.
630 _aरूप अव्यक्ता फुटले.
650 _aललित-काव्य.
730 _aरूप अव्यक्ता फुटले.
942 _cBOOK
999 _c774939
_d774936